Hệ thống số và mã các thiết bị bán dẫn

Quyển sách nằm trong bộ "các mạch điện tử kỹ thuật số hiện đại". Nội dung sách chia làm ba chương . Chương 1 giới thiệu những khái niệm cơ bản, chương 2 giới thiệu về hệ thống số và mã, chương 3 giới thiệu các thiết bị bán...

Descrizione completa

Salvato in:
Dettagli Bibliografici
Autore principale: Nguyễn, Minh Đức
Natura: Libro
Lingua:Undetermined
Pubblicazione: Thành phố Hồ Chí Minh Tổng hợp Tp. Hồ Chí Minh 2004
Soggetti:
Tags: Aggiungi Tag
Nessun Tag, puoi essere il primo ad aggiungerne! !
Thư viện lưu trữ: Trung tâm Học liệu Trường Đại học Cần Thơ
LEADER 01054nam a2200205Ia 4500
001 CTU_102593
008 210402s9999 xx 000 0 und d
020 |c 16000 
082 |a 621.381534 
082 |b Đ552/T.1 
100 |a Nguyễn, Minh Đức 
245 0 |a Hệ thống số và mã các thiết bị bán dẫn 
245 0 |c Nguyễn Minh Đức 
260 |a Thành phố Hồ Chí Minh 
260 |b Tổng hợp Tp. Hồ Chí Minh 
260 |c 2004 
520 |a Quyển sách nằm trong bộ "các mạch điện tử kỹ thuật số hiện đại". Nội dung sách chia làm ba chương . Chương 1 giới thiệu những khái niệm cơ bản, chương 2 giới thiệu về hệ thống số và mã, chương 3 giới thiệu các thiết bị bán dẫn hoạt động ở chế độ đảo mạch 
650 |a Electronic circuits 
904 |i Truc, H.Mai 
980 |a Trung tâm Học liệu Trường Đại học Cần Thơ